000 00683nam a2200277Ia 4500
005 20260324115116.0
008 008 260324s9999 xx 000 0 eng d
020 _a9780429294556
037 _aEBOOK
040 _aCRL
040 _beng
040 _cCRL
041 _2eng
041 _aeng
084 _qCRL
100 _aAndy Ricover; Jeffrey Delmon
_91153394
245 2 _aA Decision-Makers Guide to Public Private Partnerships in Airports
260 _bTaylor and Francis
260 _c2019
365 _a
365 _b275
856 _uhttp://www.taylorfrancis.com/books/9780429294556
942 _cEBOOK
999 _c1744025
_d1744025